| 000 | 00573nam a2200229Ia 4500 | ||
|---|---|---|---|
| 003 | OSt | ||
| 005 | 20221005120235.0 | ||
| 006 | a|||||r|||| 00| 0 | ||
| 007 | ta | ||
| 008 | 221004b |||||||| |||| 00| 0 eng d | ||
| 024 | _a60695 | ||
| 037 | _cTextual | ||
| 040 |
_aCRL _cCRL _beng |
||
| 041 |
_2eng _aeng |
||
| 082 | _aV2:25xM92w, J31.1 | ||
| 100 | _aDesai Mahadev | ||
| 245 | 0 | _aDiary. Ed by Valji govindji Desai | |
| 260 | _c1953 | ||
| 650 | _aHISTORY | ||
| 942 |
_hV2:25xM92w, J31.1 _cTEXL _2cc |
||
| 999 |
_c1037345 _d1037345 |
||